| 000 | 00628nam a22001813i 4500 | ||
|---|---|---|---|
| 001 | 162975 | ||
| 003 | ES-MaACL | ||
| 005 | 20230906212636.0 | ||
| 008 | 990709s1879 fr |||| | fre d | ||
| 040 |
_aM-RABA _bspa _cM-RABA _dCCPB | B |
||
| 100 | 1 |
_aRattazzi, Marie de Sloms ( _d1833-1902) _9131620 |
|
| 245 | 1 | 2 |
_aL'Espagne moderne / _cpar Mme. Rattazzi. |
| 260 |
_aParis : _bE. Dentu, _c1879 ( _fImprimerie D. Bardin) |
||
| 300 |
_a253 p. ; _c19 cm. |
||
| 651 | 4 |
_aEspaña- _xHistoria- _y1874-1902, Restauración. _98267 |
|
| 852 |
_aES-MaACL _jD-1463 _z.- Legado M. de la Fuente |
||
| 852 |
_aES-MaACL _jG-8238 _z-- Enc. hol. |
||
| 999 |
_c162975 _d162975 |
||